[Event "Geller Memorial op-A 5th"]
[Site "Odessa"]
[Date "2009.08.26"]
[Round "7"]
[White "Afanasjev, Alexei"]
[Black "Bernadskiy, Vitaliy"]
[Result "0-1"]
[WhiteElo "2095"]
[BlackElo "2330"]
[PlyCount "66"]
[EventDate "2009.08.20"]
[EventType "swiss"]
[EventRounds "9"]
[EventCountry "UKR"]
[SourceTitle "CBM 132 Extra"]
[Source "ChessBase"]
[SourceDate "2009.11.03"]
[SourceVersion "1"]
[SourceVersionDate "2009.11.03"]
[SourceQuality "1"]

1. Nf3 Nf6 2. c4 e6 3. d4 c5 4. d5 b5 5. dxe6 fxe6 6. g3 bxc4 7. Bg2 Bb7 8. 0-0 d5 9. Ne5 Qc7 10. Qa4+ Nc6 11. Bf4 Bd6 12. Nxc6 Bxc6 13. Bxd6 Qxd6 14. Qa6 0-0 15. Nc3 Rfb8 16. Rab1 Rb6 17. Qa3 d4 18. Na4 Bxg2 19. Kxg2 Rb4 20. Qf3 Rc8 21. b3 Qd5 22. Rfc1 Qxf3+ 23. Kxf3 c3 24. a3 Rbb8 25. b4 cxb4 26. axb4 e5 27. Nc5 a5 28. Na6 Rb6 29. b5 e4+ 30. Kf4 d3 31. exd3 exd3 32. Ke3 d2 33. Rc2 Re6+ 0-1

[Event "Geller Memorial op-A 5th"]
[Site "Odessa"]
[Date "2009.08.25"]
[Round "6"]
[White "Grigoryev, Yury"]
[Black "Afanasjev, Alexei"]
[Result "0-1"]
[WhiteElo "1838"]
[BlackElo "2095"]
[PlyCount "54"]
[EventDate "2009.08.20"]
[EventType "swiss"]
[EventRounds "9"]
[EventCountry "UKR"]
[SourceTitle "CBM 132 Extra"]
[Source "ChessBase"]
[SourceDate "2009.11.03"]
[SourceVersion "1"]
[SourceVersionDate "2009.11.03"]
[SourceQuality "1"]

1. d4 c6 2. c4 b5 3. e4 bxc4 4. Bxc4 d5 5. exd5 cxd5 6. Bb3 e6 7. Nf3 Bd6 8. 0-0 Nf6 9. Nc3 0-0 10. Nb5 Ba6 11. a4 Qb6 12. Qd3 Nbd7 13. Re1 Rab8 14. Ne5 Bxe5 15. dxe5 Nc5 16. Qh3 Nfe4 17. Bc2 Bxb5 18. axb5 Nd3 19. Be3 Qxb5 20. Bxa7 Nxe1 21. Bxe4 dxe4 22. Bxb8 Rxb8 23. Rxe1 Qxb2 24. Qe3 Qxe5 25. f3 Rb2 26. Qxe4 Qc5+ 27. Qe3 Qc2 0-1

[Event "Geller Memorial op-A 5th"]
[Site "Odessa"]
[Date "2009.08.24"]
[Round "5"]
[White "Afanasjev, Alexei"]
[Black "Orlova, Yelizaveta"]
[Result "1/2-1/2"]
[WhiteElo "2095"]
[BlackElo "1894"]
[PlyCount "57"]
[EventDate "2009.08.20"]
[EventType "swiss"]
[EventRounds "9"]
[EventCountry "UKR"]
[SourceTitle "CBM 132 Extra"]
[Source "ChessBase"]
[SourceDate "2009.11.03"]
[SourceVersion "1"]
[SourceVersionDate "2009.11.03"]
[SourceQuality "1"]

1. d4 c5 2. d5 e5 3. c4 d6 4. e4 Be7 5. Nc3 Bg5 6. Nf3 Bxc1 7. Rxc1 Nh6 8. Bd3 0-0 9. 0-0 f5 10. exf5 Nxf5 11. Ne4 Qe7 12. Re1 Nd7 13. Qc2 g6 14. Qd2 Nf6 15. Nfg5 h6 16. Nf3 Kg7 17. h3 Bd7 18. g4 Nxe4 19. Rxe4 Nh4 20. Nxh4 Qxh4 21. Bf1 Rf6 22. Bg2 Raf8 23. Rf1 g5 24. b4 b6 25. Qb2 R8f7 26. bxc5 bxc5 27. f3 Qg3 28. Qf2 Qxf2+ 29. Rxf2 1/2-1/2